00278nam a2200085Ia 4500001000800000005001700008008004100025245009400066260003200160129491520260417165708.0260417s9999 xx 000 0 und d 0aDÜNYAYI GEZİYORUM-2 ŞİRİN TERRAKOTA ADRENALİN ÇİNcBİRSEN EKİM ÖZEN bTİMAŞ ÇOCUK YAYINLARI